000 00241nmm a2200085Ia 4500
008 220120s9999||||xx |||||||||||||||||und||
100 _aEmbedded For You
245 0 _afree source code and design library inside
260 _aEmbedded for you
_c2015
999 _c139969
_d139969